00451 2200157 4500001002100000008004100021035002000062245001300082100001700095260003000112300002100142020002200163082001000185650008500195990001300280INLIS000000000000340 ind  a0010-0423000340 aHOLIDAYS aFIRA FIRDAUS aBANDUNGbDAR! MIZANc2010 a144 hlm.c20 cm. a978-979-066-262-9 a741.5 aCARTOONS, CARICATURES, COMICS ( CARTOON FICTION, GRAPHIC NOVEL(VISUAL NOVELS ) ) a102684-1